书目信息 |
| 题名: |
Nikon D90数码单反超级手册
|
|
| 作者: | 伍振荣 , 胡民炜 , 黎韶琪 编著 | |
| 分册: | ||
| 出版信息: | 北京 人民邮电出版社 2009.08 |
|
| 页数: | 111页 | |
| 开本: | 26cm | |
| 丛书名: | ||
| 单 册: | ||
| 中图分类: | TB86 , J41 | |
| 科图分类: | ||
| 主题词: | 数字照相机--单镜头反光照相机--摄影技术--手册 | |
| 电子资源: | ||
| ISBN: | 978-7-115-20021-1 | |
| 000 | 00939nam0 2200253 450 | |
| 001 | 0011205138 | |
| 005 | 20100802110734.78 | |
| 010 | @a978-7-115-20021-1@dCNY49.00 | |
| 100 | @a20100515d2009 em y0chiy0110 ea | |
| 101 | 0 | @achi |
| 102 | @aCN@b110000 | |
| 105 | @aa z 000yy | |
| 200 | 1 | @aNikon D90数码单反超级手册@ANikon D90 shu ma dan fan chao ji shou ce@f伍振荣, 胡民炜, 黎韶琪编著@Fwu zhen rong,hu min wei,li shao qi bian zhu |
| 210 | @a北京@c人民邮电出版社@d2009.08 | |
| 215 | @a111页@c图@d26cm | |
| 330 | @a本书是一本实用的NikonD90使用手册。主要内容包括:D90最新功能、D90与D300、D80对比测试、D90机身特点、D90详细功能、D90适用的镜头与相关配件等。 | |
| 606 | 0 | @a数字照相机@x单镜头反光照相机@x摄影技术@j手册 |
| 690 | @aTB86@v4 | |
| 690 | @aJ41@v4 | |
| 701 | 0 | @a伍振荣@Awu zhen rong@4编著 |
| 701 | 0 | @a胡民炜@Ahu min wei@4编著 |
| 701 | 0 | @a黎韶琪@Ali shao qi@4编著 |
| 801 | 0 | @aCN@c20100515 |
| 905 | @dTB86@eW949-2@f3 | |
| Nikon D90数码单反超级手册/伍振荣, 胡民炜, 黎韶琪编著.-北京:人民邮电出版社,2009.08 |
| 111页:图;26cm |
| ISBN 978-7-115-20021-1:CNY49.00 |
| 本书是一本实用的NikonD90使用手册。主要内容包括:D90最新功能、D90与D300、D80对比测试、D90机身特点、D90详细功能、D90适用的镜头与相关配件等。 |
| ● |
| 相关链接 |
|
|
|
正题名:Nikon D90数码单反超级手册
索取号:TB86/W949-2
 
预约/预借
| 序号 | 登录号 | 条形码 | 馆藏地/架位号 | 状态 | 备注 |